| 000 | 00924cam a22001934a 4500 | ||
|---|---|---|---|
| 005 | 20250605164038.0 | ||
| 008 | 250528s ||||||||||||||||||||||||d | ||
| 035 | _a16900 | ||
| 020 | _a9604054732 | ||
| 040 |
_aGR-AtMCL _bgre _dGR-AtMCL _eAACR2 |
||
| 245 | 1 | _aΕκτύπωση & Ετικετάρισμα Συσκευασίας | |
| 260 |
_bΊων, _c1994 |
||
| 300 | _a224 | ||
| 520 | _aΕισαγωγή, Εργασίες Προεκτύπωσης, Μέθοδοι Εκτύπωσης, Τύποι Ετικετών και Υλικά, Εκτύπωση Ετικετών, Ετικετάρισμα, Γενικά περί Επισήμανσης, Μέθοδοι Επισήμανσης, Γραμμωτός Κώδικας, Σήμανση Συσκευασιών Μεταφοράς, Βιβλιογραφία, Ευρετήριο. | ||
| 700 | 1 |
_aΚαρακασίδη Ν. Γ _92991 |
|
| 942 | _cBK | ||
| 999 |
_c2350 _d2350 |
||